Online Catalogue and eLibrary

Violence againt women (Record no. 4550)

MARC details
000 -LEADER
fixed length control field 00477nam a2200205Ia 4500
005 - DATE AND TIME OF LATEST TRANSACTION
control field 20240604044435.0
008 - FIXED-LENGTH DATA ELEMENTS--GENERAL INFORMATION
fixed length control field 240331s9999 xx 000 0 und d
020 ## - INTERNATIONAL STANDARD BOOK NUMBER
ISBN 8176294977
082 ## - DDC Classification
Class No. 362
245 #0 - TITLE STATEMENT
Title Violence againt women
250 ## - EDITION STATEMENT
Edition statement 1st
260 ## - PUBLICATION, DISTRIBUTION, ETC.
Place of publication, distribution, etc. New Delhi
Name of publisher, distributor, etc. DEEP & DEEP Publications PVT.LTD
Date of publication, distribution, etc. 2006
300 ## - PHYSICAL DESCRIPTION
Extent (e.g. Volumes, Pages etc.) xxviii,295 p.,
650 ## - SUBJECT ADDED ENTRY--TOPICAL TERM
Topical term or geographic name entry element Violence
650 ## - SUBJECT ADDED ENTRY--TOPICAL TERM
Topical term or geographic name entry element Women
700 ## - ADDED ENTRY--PERSONAL NAME
Personal name Goel,A
700 ## - ADDED ENTRY--PERSONAL NAME
Personal name Kaur,M
700 ## - ADDED ENTRY--PERSONAL NAME
Personal name Sulthana,A
942 ## - Koha item type (Biblio)
Koha item type Books in Stacks (Lending)
Holdings
Lost status Damaged status Collection code Home library Current library Shelving location Date acquired Full call number Accession Number Item type
    Lending WERC Library WERC Library Social Science Cupboard 03/31/2024 362.8VIO 6206 Books in Stacks (Lending)

© WERC Library